Men who sell sex : international perspectives on male prostitution and AIDS
Αποθηκεύτηκε σε:
| Άλλοι συγγραφείς: | |
|---|---|
| Μορφή: | Βιβλίο |
| Γλώσσα: | English |
| Δημοσίευση: |
London :
UCL Press,
c1999.
|
| Σειρά: | Social aspects of AIDS
|
| Θέματα: | |
| Ετικέτες: |
Προσθήκη ετικέτας
Δεν υπάρχουν, Καταχωρήστε ετικέτα πρώτοι!
|
MARC
| LEADER | 00000cam a2200000 i 4500 | ||
|---|---|---|---|
| 001 | 1/331 | ||
| 008 | 000403s1999 enk| ||| |||| ||eng|| | ||
| 020 | |a 1857288637 | ||
| 035 | |l 10059620 | ||
| 040 | |a GR-MyUa |b gre |e AACR2 | ||
| 041 | 0 | |a eng | |
| 082 | 7 | |a 306.743 |2 (22) | |
| 245 | 0 | 0 | |a Men who sell sex : |b international perspectives on male prostitution and AIDS / |c edited by Peter Aggleton. |
| 260 | |a London : |b UCL Press, |c c1999. | ||
| 300 | |a 282 σ. ; |c 24 εκ. | ||
| 490 | 1 | |a (Social aspects of AIDS) | |
| 504 | |a Περιλαμβάνει βιβλιογραφικές παραπομπές και ευρετήριο. | ||
| 650 | 0 | 0 | |a Male prostitution. |
| 650 | 0 | 0 | |a Male prostitudes. |
| 650 | 0 | 0 | |a AIDS (Disease) |x Social aspects. |
| 650 | 0 | 0 | |a Safe sex in AIDS prevention. |
| 700 | 1 | |a Aggleton, Peter, |e edt | |
| 830 | 0 | |a Social aspects of AIDS | |
| 852 | |a INST |b LESVOS |e 20000403 |h 306.743 ΜΕΝ |p 005100023137 |q 005100023137 |t BK |y 0 | ||
| 901 | |a BIBL1-2000-1 | ||
| 922 | |a 1ΕΛΗ |b 200003 |c ΚΠΣ/ΤΚΑ |d ΠΑΠΑΣΩΤΗΡΙΟΥ | ||
| 950 | |a 117-1999-11-26 | ||
| 970 | |a ΤΖΑΦΕΡΗ |b ΕΥΑΓΓΕΛΙΑ |z 2000/04/18 | ||